007190a00a22002770004500015000900000016001500009041000600024080001400030245010800044260003500152300001000187306001600197306001500213306001300228306001700241306001600258306002000274306001700294306001800311306001900329508002000348508001800368508001800386650002400404852001300428 a3661 a582.28 FUN a0 a582.28x1 aThe fungiban advanced treatise: vol.IVB : a taxonomic review with keys:basidiomycetes and lower fungi aAcademic PressbNew Yorkc1973 a504p. aLower fungi aMyxomycota aEumycota aZygomycotina aZygomycetes aBasidiomycotina aTeliomycetes aHymenomycetes aGasteromycetes aAinsworth, G.C. aSparrow, F.K. aSussman, A.S. aBiological Sciences aD2-14-02